000 00282nam a2200109Ia 4500
001 1265587
005 20260417142029.0
008 260417s9999 xx 000 0 und d
020 _a9789752894846
245 0 _aBin Muhteşem Güneş
_cKhaled Hosseini
260 _bEverest Yayınları
999 _c1265587
_d1265587